000 00842aam a2200301 i 4500
001 768714001
003 CO-MdFUSB
005 20250430122909.0
007 ta
008 250430t1985 sp |||| |||| 00| 0 spa d
020 _a84-7228-992-3
040 _cCO-MdFUSB
041 0 _aspa
082 0 4 _223
_a239
_bW8732s
100 1 _aWood, Nathan R. (Robinson) (1874-1961)
_eautor
245 1 3 _aEl secreto del universo
_c/ Nathan R. Wood ; traducido por Samuel Vila
264 1 _bClie,
_aTerrassa, Barcelona, España :
_c[1985]
264 4 _c©1985
300 _a231 páginas
336 _atexto
_btxt
_2rdacontent
337 _2rdamedia
_asin mediación
_bn
338 _2rdacarrier
_avolumen
_bnc
563 _aRústico
650 7 _aApologética
_9187
700 _aVila, Samuel,
_92027
_etraductor
942 _cBK
945 _aJTF-925
999 _c35165
_d35165